Literature - American Literature | 0 | 6 | 1 | 1 | 55 | 70 | 91.50 | 3 | 6 |
Literature - World Literature | 0 | 5 | 2 | 1 | 40 | 66 | 101.80 | 1 | 5 |
Literature - European Literature | 0 | 5 | 3 | 1 | 35 | 36 | 88.60 | 2 | 5 |
Literature - British Literature | 0 | 3 | 0 | 0 | 30 | 79 | 87.00 | 2 | 3 |
Other | 0 | 3 | 1 | 0 | 25 | 81 | 87.00 | 0 | 3 |
Social Science | 0 | 2 | 0 | 0 | 20 | 89 | 90.00 | 0 | 2 |
History - American History | 0 | 2 | 0 | 2 | 20 | 78 | 93.50 | 0 | 2 |
Science - Biology | 0 | 2 | 0 | 0 | 20 | 51 | 71.50 | 2 | 2 |
Religion | 0 | 2 | 1 | 0 | 15 | 87 | 102.00 | 0 | 2 |
Fine Arts - Classical Music | 0 | 2 | 1 | 0 | 15 | 82 | 94.50 | 0 | 2 |
Philosophy | 0 | 3 | 3 | 0 | 15 | 66 | 72.67 | 0 | 3 |
Fine Arts - Painting & Sculpture | 0 | 1 | 0 | 0 | 10 | 97 | 97.00 | 0 | 1 |
Science - Other Science | 0 | 1 | 0 | 0 | 10 | 129 | 129.00 | 0 | 1 |
History - Other History | 0 | 1 | 1 | 0 | 5 | 115 | 115.00 | 0 | 1 |
Fine Arts - Other Fine Arts | 0 | 1 | 2 | 0 | 0 | 103 | 103.00 | 0 | 1 |
Science - Physics | 0 | 0 | 2 | 0 | -10 | | 0.00 | 0 | 0 |